000 00369 a2200145 4500
001 168599
020 _a
040 _cMagnum
100 _aSecretaria Municipal do Meio Ambiente
240 1 0 _aColeta seletiva - reduzir, reutilizar, reciclar
_lpor
245 1 0 _aColeta seletiva - reduzir, reutilizar, reciclar
362 0 _a1899
697 _aECOLOGIA
942 _cBK
999 _c168599
_d168599